Nemocenské poistenie a dôchodkové zabezpečenie samostatne zárobkovo činných osôb a spolupracujúcich osôb

Výkon nemocenského poistenia z samostatne zárobkovo činných osôb. Účasť na nemocenskom poistení. Platenie poistného na nemocenské poistenie a dôchodkové zabezpečenie. Príklady na výpočet vymeriavacieho základu z dane z príjmov fyzických osôb pripadajúceho na nemocenské poistenie a dôchodkové zabezpe...

Description complète

Enregistré dans:
Détails bibliographiques
Auteur principal: Matlák, Ján
Format: Chapitre de livre
Langue:slovaque
Sujets:
Tags: Ajouter un tag
Pas de tags, Soyez le premier à ajouter un tag!

MARC

LEADER 00000naa a2200000 4500
001 r025796
005 20230424121049.7
041 0 |a slo 
044 |a SK 
245 1 0 |a Nemocenské poistenie a dôchodkové zabezpečenie samostatne zárobkovo činných osôb a spolupracujúcich osôb  |c Ján Matlák 
520 |a Výkon nemocenského poistenia z samostatne zárobkovo činných osôb. Účasť na nemocenskom poistení. Platenie poistného na nemocenské poistenie a dôchodkové zabezpečenie. Príklady na výpočet vymeriavacieho základu z dane z príjmov fyzických osôb pripadajúceho na nemocenské poistenie a dôchodkové zabezpečenie. Platenie poistného na zdravotné poistenie a príspevky na poistenie v nezamestnanosti. Oznamovacia povinnosť platiteľov poistného. 
610 2 0 |a poistenie nemocenské 
610 2 0 |a zabezpečenie dôchodkové 
610 2 0 |a poistenie zdravotné 
610 2 0 |a poistenie v nezamestnanosti 
610 2 0 |a dane z príjmov 
610 2 0 |a osoby fyzické 
610 2 0 |a poistné 
100 1 |a Matlák, Ján